Statistics for NASCAR Cup Winners at Kentucky Speedway

Click here to take the quiz!

General Stats

  • This quiz has been taken 116 times
    (62 since last reset)
  • The average score is 9 of 10

Answer Stats

HintAnswer% Correct
2011 | 2015Kyle Busch
97%
2019Kurt Busch
97%
2012 | 2014 | 2016Brad Keselowski
92%
2017 | 2018Martin Truex Jr
86%
2013Matt Kenseth
73%
2020Cole Custer
62%

Score Distribution

Percentile by Number Answered

Percent of People with Each Score

Your Score History

You have not taken this quiz since the last reset